000 00219 a2200085 4500
020 _a 9780415514415
100 _a Harry Timmermans(Editor)
245 _aDecision Support Systems in Urban Planning
260 _bRoutledge
_c2011
999 _c13107
_d13107